| 000 | 00000nam##2200000za#4500 |
| 001 | 9.573007 |
| 003 | CaOODSP |
| 005 | 20210624183509 |
| 007 | cr ||||||||||| |
| 008 | 150406|1998||||xxc|||||o f|0| 0 eng|d |
| 040 | |aCaOODSP|beng |
| 043 | |an-cn--- |
| 086 | 1 |aNE12-3/7-1994E-PDF |
| 110 | 1 |aCanada. |bNational Energy Board. |
| 245 | 14|aThe National Energy Board library |h[electronic resource] |
| 260 | |aCalgary - Alberta : |bNational Energy Board |cOctober 1994, c1998. |
| 300 | |a5p. |
| 490 | 1 |aInformation bulletin |v7 |
| 500 | |aThe catalogue number (NE 12-3/7E) and ISSN (0825-0170) for the print edition have been incorrectly copied in this electronic publication. |
| 590 | |a12-11-Supp|b2012-03-27 |
| 775 | 08|tLa bibliothèque de l'Office national de l'énergie |w(CaOODSP)9.603251 |
| 776 | 0#|tThe National Energy Board Library |w(CaOODSP)9.612108 |
| 830 | #0|aInformation bulletin ;|v7|w(CaOODSP)9.506777 |
| 856 | 40|ahttp://publications.gc.ca|qPDF|s84 KB|uhttps://publications.gc.ca/collections/Collection/NE12-3-7-1994E.pdf|y7 |